000 00635nam a2200169 i 4500
001 25606
003 ES-MaACL
005 20230906153312.0
007 t|
008 021227s1887 ag ||||1| spa d
245 0 0 _aArancel consular
_b: decreto reglamentario, creación de estampillas consulares, formularios y otras resoluciones.
260 _aBuenos Aires :
_b[s.n.],
_c1887 (
_fImpr. de Juan A. Alsina)
300 _a31 p. ;
_c23 cm.
594 _aPrecede al tít.: República Argentina. Ministerio de Relaciones Exteriores.
710 1 _aArgentina.
_bMinisterio de Relaciones Exteriores.
_9151978
852 _aES-MaACL
_jT-454-F-11
999 _c25606
_d25606